История России XIX-XX вв.: учебное пособие для вузов

Opis bibliograficzny
1. autor: Леванов Б. В. Борис Васильевич
Kolejni autorzy: Корнилов В. А. Валентин Алексеевич, Рябов В. В. Виктор Васильевич
Streszczenie:В основу учебного пособия положен проблемно-хронологический принцип и современные подходы в оценках исторического прошлого, научная методология с широким использованием различных источников, общенаучных и специфических методов познания. Учебное пособие подготовлено в соответствии с программами Отечественной истории для высших учебных заведений. Предназначено для студентов, аспирантов и преподавателей высших учебных заведений и всех, кому интересна Отечественная история.
Język:rosyjski
Wydane: Москва, ВЛАДОС, 2008
Hasła przedmiotowe:
Format: Książka
KOHA link:https://koha.lib.tpu.ru/cgi-bin/koha/opac-detail.pl?biblionumber=154777

MARC

LEADER 00000nam0a2200000 4500
001 154777
005 20260225071558.0
010 |a 9785691016899  |b (в пер.)  |b 15000 экз. (1-й з-д 1-3 тыс.) 
035 |a (RuTPU)RU\TPU\book\167876 
090 |a 154777 
100 |a 20080422d2008 m y0rusy5002 ca 
101 0 |a rus 
102 |a RU 
105 |a y j 001zy 
200 1 |a История России XIX-XX вв.  |e учебное пособие для вузов   |f Б. В. Леванов, В. А. Корнилов, В. В. Рябов 
210 |a Москва  |c ВЛАДОС  |d 2008 
215 |a 605 с.  |d 22 см. 
320 |a Библиогр.: с. 598-603. 
330 |a В основу учебного пособия положен проблемно-хронологический принцип и современные подходы в оценках исторического прошлого, научная методология с широким использованием различных источников, общенаучных и специфических методов познания. Учебное пособие подготовлено в соответствии с программами Отечественной истории для высших учебных заведений. Предназначено для студентов, аспирантов и преподавателей высших учебных заведений и всех, кому интересна Отечественная история. 
606 1 |a Россия  |x История  |z 19 в.  |2 stltpush  |3 (RuTPU)RU\TPU\subj\65297  |9 81865 
606 |7 ca  |8 rus  |a Россия  |x История  |z 20 в. - ...  |2 stltpush  |3 (RuTPU)RU\TPU\subj\67773  |9 83439 
610 1 |a учебные пособия 
610 1 |a Российская империя 
610 1 |a Советская Россия 
610 1 |a СССР 
610 1 |a 19 век 
610 1 |a 20 век 
610 1 |a социально-экономическая политика 
610 1 |a внутренняя политика 
610 1 |a внешняя политика 
610 1 |a Отечественная война 1812 
610 1 |a декабристы 
610 1 |a внутренняя политика 
610 1 |a Крымская война 
610 1 |a крепостное право 
610 1 |a революционное народничество 
610 1 |a рабочее движение 
610 1 |a политические партии 
610 1 |a революции 
610 1 |a Первая мировая война 1914-1918 
610 1 |a политическая борьба 
610 1 |a Гражданская война 1918-1921 
610 1 |a военный коммунизм 
610 1 |a новая экономическая политика 
610 1 |a НЭП 
610 1 |a Великая Отечественная война 1941-1945 
610 1 |a оттепель 
686 |a Т3(2)52  |2 rubbk 
686 |a Т3(2)6  |2 rubbk 
700 1 |a Леванов  |b Б. В.  |g Борис Васильевич  |4 070 
701 1 |a Корнилов  |b В. А.  |g Валентин Алексеевич  |4 070 
701 1 |a Рябов  |b В. В.  |g Виктор Васильевич  |4 070 
801 1 |a RU  |b 63413507  |c 20090304  |g PSBO 
801 2 |a RU  |b 63413507  |c 20161026  |g PSBO 
942 |c BK